| 000 | 01151nam a2200301Ia 4500 | ||
|---|---|---|---|
| 001 | ebr10067123 | ||
| 003 | CaPaEBR | ||
| 006 | m u | ||
| 007 | cr cn||||||||| | ||
| 008 | 011019s2004 enk s 000 0 eng d | ||
| 020 | _z1845440374 | ||
| 040 |
_aCaPaEBR _cCaPaEBR |
||
| 035 | _a(OCoLC)70740378 | ||
| 050 | 1 | 4 |
_aHD2741 _b.S83 2004eb |
| 245 | 0 | 0 |
_aStakeholders in perspective _h[electronic resource] / _cGuest editor, Yvon Pesqueux. |
| 260 |
_aBradford, England : _bEmerald Group Publishing, _cc2004. |
||
| 300 | _a185 p. | ||
| 490 | 1 |
_aCorporate Governance. No. 2 ; _vVol. 5 |
|
| 533 |
_aElectronic reproduction. _bPalo Alto, Calif. : _cebrary, _d2011. _nAvailable via World Wide Web. _nAccess may be limited to ebrary affiliated libraries. |
||
| 650 | 0 | _aCorporate governance. | |
| 650 | 0 | _aIndustrial management. | |
| 655 | 7 |
_aElectronic books. _2local |
|
| 700 | 1 | _aPaul, Johnson. | |
| 700 | 1 | _aTedd, Lucy A. | |
| 710 | 2 | _aebrary, Inc. | |
| 830 | 0 |
_aCorporate governance. _nNo. 2 ; _vv. 5. |
|
| 856 | 4 | 0 |
_uhttp://site.ebrary.com/lib/rucke/Doc?id=10067123 _zAn electronic book accessible through the World Wide Web; click to view |
| 999 |
_c163949 _d163951 |
||